|
|
|
|
| LEADER |
00000nam a22000007a 4500 |
| 005 |
20130327170148.0 |
| 007 |
cr|||| |||| |
| 008 |
130327e2012 ck |||||s|||| 00||0 spa d |
| 020 |
|
|
|a 978-958-738-275-4
|
| 035 |
|
|
|a 9151
|
| 040 |
|
|
|a vLex
|
| 090 |
|
|
|c 4063
|d 4063
|
| 100 |
1 |
0 |
|a Jaimes Peąloza, Sonia Milena
|
| 245 |
1 |
0 |
|a Teatrocracia y legislacin̤ electoral colombiana 1886-1938
|b Un estudio de y sobre cultura polt̕ica y democracia
|c / Sonia Milena Jaimes Peąloza
|h [Recurso electrn̤ico]
|
| 256 |
|
|
|a Servicio en ln̕ea
|
| 260 |
|
|
|a Bogot ̀:
|b Editorial Universidad de Rosario (Colombia),
|c 2012
|
| 300 |
|
|
|a 1 Recurso electrn̤ico
|
| 506 |
|
|
|d vLex Global
|d vLex Global (Academic Edition, excluding Law Schools)
|d vLex Global (U.S. Academic Edition, Law Schools)
|d vLex Global (U.S. Academic Edition, excluding Law Schools)
|d vLex Global (Academic Edition, Law Schools)
|
| 650 |
0 |
4 |
|a Historia
|z Colombia
|y 1886-1938
|
| 650 |
0 |
4 |
|a Elecciones
|z Colombia
|y 1886-1938
|
| 650 |
0 |
4 |
|a Derecho electoral
|z Colombia
|y 1886-1938
|
| 740 |
|
|
|a vLex Libros (Servicio en ln̕ea)
|
| 856 |
|
|
|a Acceso restringido
|u http://www.vlex.com/source/9151
|
| 942 |
|
|
|c BOOK
|
| 999 |
|
0 |
|a History
|